Agrárna politika EÚ nie je podľa amerického odborníka hrniec plný zlata

Cochranov program (USA) - cieľom programu je pomáhať poľnohospodárskemu sektoru v rozvojových a transformujúcich sa krajinách. Počet účastníkov Slovenska na programe od r. 1990. Vzájomná výhodnosť účasti na programe pre Slovensko aj USA. Agrárna politika EÚ ako pohyblivý cieľ.

Na minha lista:
Detalhes bibliográficos
Autor principal: Janků, Jana
Formato: Livro
Idioma:eslovaco
Assuntos:
Tags: Adicionar Tag
Sem tags, seja o primeiro a adicionar uma tag!

MARC

LEADER 00000nam a2200000 4500
001 r034368
005 20230921103256.7
041 0 |a slo 
044 |a SK 
245 1 0 |a Agrárna politika EÚ nie je podľa amerického odborníka hrniec plný zlata  |c Jana Janků 
520 |a Cochranov program (USA) - cieľom programu je pomáhať poľnohospodárskemu sektoru v rozvojových a transformujúcich sa krajinách. Počet účastníkov Slovenska na programe od r. 1990. Vzájomná výhodnosť účasti na programe pre Slovensko aj USA. Agrárna politika EÚ ako pohyblivý cieľ. 
610 2 0 |a politika poľnohospodárska 
610 2 0 |a poľnohospodárstvo 
610 2 0 |a vzdelávanie ďalšie 
610 2 0 |a Slovensko 
610 2 0 |a Európska únia 
610 2 0 |a USA 
610 2 0 |a SVE 
610 2 0 |a Cochranov program 
100 1 |a Janků, Jana